Curso de historia universal /

Obra destinada a la enseñanza de la historia universal, que cubre desde la prehistoria hasta los años inmediatamente posteriores a la Segunda Guerra Mundial (1939-1945).

Đã lưu trong:
Chi tiết về thư mục
Tác giả chính: Mundó, José (autor)
Định dạng: Sách
Ngôn ngữ:Tiếng Tây Ban Nha
Phiên bản:5a edición
Những chủ đề:
Các nhãn: Thêm thẻ
Không có thẻ, Là người đầu tiên thẻ bản ghi này!

MARC

LEADER 00000nam^a2200000^a^4500
001 000105530
005 20250521000000.0
009 20260310093502.481
037 |a Acervo ITESO - Biblioteca 
041 |a ESP 
082 |a 909.  |b MUN 
100 |a Mundó, José  |e (autor) 
245 1 0 |a Curso de historia universal /  |c J. Mundó. 
250 |a 5a edición 
264 |a Madrid, España :  |b Espasa-Calpe,  |c 1952 
300 |a XII, 834 p. 
336 |a texto  |b txt  |2 rdacontenido 
337 |a sin mediación  |b n  |2 rdamedio 
338 |a volumen  |b nc  |2 rdasoporte 
520 |a Obra destinada a la enseñanza de la historia universal, que cubre desde la prehistoria hasta los años inmediatamente posteriores a la Segunda Guerra Mundial (1939-1945). 
649 |a XX 
650 |a Historia Universal 
910 |a Fondo Jesús Rodríguez 
920 |a Impresos - Libros 
930 |a Fondos Especiales 
905 |a 113 
901 |a 0500176799  |b IT2  |c ESP  |u 20250521 
902 |a https://opac.biblio.iteso.mx/vufind/Record/000105530